| 000 | 00408nam a2200157 a 4500 | ||
|---|---|---|---|
| 001 | 3693 | ||
| 005 | 20140414131906.0 | ||
| 008 | 061002s19uu xx 00 eng d | ||
| 020 | _a0-86611-962-0 | ||
| 050 |
_aFIC _bW97 1990 |
||
| 100 | _aWyss, Johann | ||
| 245 |
_aThe swiss family robinson / _cby Johann Wyss. |
||
| 260 |
_aNew York : _bBaronet books, _cc1990. |
||
| 300 | _a238 p. ; cm. | ||
| 999 |
_c110953 _d110953 |
||